Key Concepts of Litigation: (Record no. 9022)
[ view plain ]
| 000 -LEADER | |
|---|---|
| fixed length control field | 00449nam a22001817a 4500 |
| 005 - DATE AND TIME OF LATEST TRANSACTION | |
| control field | 20250805115636.0 |
| 008 - FIXED-LENGTH DATA ELEMENTS--GENERAL INFORMATION | |
| fixed length control field | 250805b |||||||| |||| 00| 0 eng d |
| 020 ## - INTERNATIONAL STANDARD BOOK NUMBER | |
| International Standard Book Number | 9788198526809 |
| 041 ## - LANGUAGE CODE | |
| Language | English |
| 082 ## - DEWEY DECIMAL CLASSIFICATION NUMBER | |
| Classification number | 347.056 AIR |
| 100 ## - MAIN ENTRY--PERSONAL NAME | |
| Main Author Name | AIR |
| 245 ## - TITLE STATEMENT | |
| Title | Key Concepts of Litigation: |
| Sub title | Law, Practice & Procedure |
| 250 ## - EDITION STATEMENT | |
| Edition | 1st |
| 260 ## - PUBLICATION, DISTRIBUTION, ETC. | |
| Place of publication | Nagpur, |
| publisher Name | All India Reporter, |
| Date of publication | 2025 |
| 300 ## - PHYSICAL DESCRIPTION | |
| Number Of Page | 284 p |
| 650 ## - SUBJECT ADDED ENTRY--TOPICAL TERM | |
| Subject | Litigation |
| 942 ## - ADDED ENTRY ELEMENTS (KOHA) | |
| Koha item type | Donated Book |
| Lost status | Source of classification or shelving scheme | Not for loan | Home library | Current library | Date last seen | Koha item type | School | Total Checkouts | Full call number | Barcode | Price effective from | Withdrawn status | Date acquired | Source of acquisition | Net Amount |
|---|---|---|---|---|---|---|---|---|---|---|---|---|---|---|---|
| Dewey Decimal Classification | BSOL | BSOL | 05/08/2025 | Donated Book | School of Law | 347.056 AIR | G702 | 05/08/2025 | 05/08/2025 | S.K. Nanda | 675 |

2cqr automation private limited, Chennai. All Rights Reserved.